Catalog

Record Details

Catalog Search



Living ayurveda : aligning body and mind through ... Read More

Ragozzino, Claire,(author.).

Available copies

  • 1 of 1 copy available at LARL/NWRL Consortium.
  • 1 of 1 copy available at Northwest Regional Library. (Show)

Current holds

0 current holds with 1 total copy.

Show Only Available Copies
Location Call Number / Copy Notes Barcode Shelving Location Status Due Date
Warroad Public Library 641.5636 RAG (Text) 35500006331498 Main Available -

Record details

  • ISBN: 9781611807493
  • ISBN: 1611807492
  • Physical Description: vii, 311 pages : color illustrations ; 27 cm.
  • Edition: First edition.
  • Publisher: Boulder, Colorado : Roost Books, an imprint of Shambhala Publications, Inc., [2020]

Content descriptions

Bibliography, etc. Note:
Includes bibliographical references (page 297) and ... Read More
Summary, etc.:
"A hands-on holistic guide to self-care based on ... Read More
"A seasonally-organized cookbook that offers ... Read More
Subject: Medicine, Ayurvedic > Formulae, receipts, prescriptions.
Yoga.
Vegetarian cooking.
Seasonal cooking.
Genre: Prescriptions, formulae, receipts, etc.
Cookbooks.
Self-help publications.
Recipes.
LDR 01877cam a22004458i 4500
001354747
003LARL_NWRL_CONSORTIUM
00520201130175357.0
008191018s2020 coua b 001 0 eng
010 . ‡a2019048058
020 . ‡a9781611807493
020 . ‡a1611807492
035 . ‡a(OCoLC)1126352763
040 . ‡aDLC ‡beng ‡erda ‡cDLC ‡dOCLCF ‡dOCLCO ‡dBDX ‡dYDX ‡dOCL ‡dUAP ‡dHEV
042 . ‡apcc
08200. ‡a641.5/636 ‡223
08204. ‡a615.538 ‡223
1001 . ‡aRagozzino, Claire, ‡eauthor.
24510. ‡aLiving ayurveda : ‡baligning body and mind through seasonal recipes, rituals, and yoga / ‡cClaire Ragozzino.
250 . ‡aFirst edition.
264 1. ‡aBoulder, Colorado : ‡bRoost Books, an imprint of Shambhala Publications, Inc., ‡c[2020]
300 . ‡avii, 311 pages : ‡bcolor illustrations ; ‡c27 cm.
336 . ‡atext ‡btxt ‡2rdacontent.
336 . ‡astill image ‡bsti ‡2rdacontent.
337 . ‡aunmediated ‡bn ‡2rdamedia.
338 . ‡avolume ‡bnc ‡2rdacarrier.
504 . ‡aIncludes bibliographical references (page 297) and index.
520 . ‡a"A hands-on holistic guide to self-care based on the ancient wisdom of Ayurveda--learn how to build a daily personal practice using food, breath, movement, and meditation to stay balanced and nourished through the seasons." -- Amazon.com.
520 . ‡a"A seasonally-organized cookbook that offers ayurvedic recipes to try throughout the year"-- ‡cProvided by publisher.
650 0. ‡aMedicine, Ayurvedic ‡vFormulae, receipts, prescriptions.
650 0. ‡aYoga. ‡0(LARL_NWRL_CONSORTIUM)35087
650 0. ‡aVegetarian cooking. ‡0(LARL_NWRL_CONSORTIUM)33838
650 0. ‡aSeasonal cooking.
655 7. ‡aPrescriptions, formulae, receipts, etc. ‡2fast
655 7. ‡aCookbooks. ‡2fast ‡0(LARL_NWRL_CONSORTIUM)175846
655 7. ‡aSelf-help publications. ‡2lcgft.
655 7. ‡aRecipes. ‡2lcgft.
901 . ‡a354747 ‡b ‡c354747 ‡tbiblio

Additional Resources